Irish Rugby Team Appearances Since Andy Farrell Took Over - Statistics

General Stats
  • This quiz has been taken 76 times
    32 since last reset
  • The average score is 29 of 71
Answer Stats
Player Caps Tries Penalties/Drop Goals Conversions Points Club(s) % Correct
Dan Sheehan 30 14 0 0 70 Leinster
96%
Bundee Aki 34 12 0 0 60 Connacht
88%
Jamison Gibson-Park 41 6 0 0 30 Leinster
88%
Tadhg Furlong 33 1 0 0 5 Leinster
83%
Conor Murray 40 3 0 0 15 Munster
79%
James Lowe 37 16 0 0 80 Leinster
79%
Tadhg Beirne 40 9 0 0 45 Munster
79%
Caelan Doris 39 9 0 0 45 Leinster
75%
Cian Prendergast 4 0 0 0 0 Connacht
75%
Garry Ringrose 33 5 0 0 25 Leinster
75%
Johnny Sexton 23 6 37 60 261 Leinster
75%
Sam Prendergast 7 0 15 7 54 Leinster
75%
Andrew Porter 42 4 0 0 16 Leinster
71%
James Ryan 38 2 0 0 10 Leinster
71%
Peter O'Mahony 37 3 0 0 15 Munster
71%
Rónan Kelleher 36 8 0 0 40 Leinster
71%
Hugo Keenan 42 10 0 0 50 Leinster
67%
Joe McCarthy 17 2 0 0 10 Leinster
67%
Josh van der Flier 40 9 0 0 45 Leinster
67%
Mack Hansen 25 12 0 0 60 Connacht
67%
Robbie Henshaw 33 4 0 0 20 Leinster
67%
Cian Healy 35 7 0 0 35 Leinster
63%
Craig Casey 18 1 1 0 7 Munster
63%
Jack Crowley 22 3 20 29 127 Munster
63%
Jack Conan 26 6 0 0 30 Leinster
58%
Finlay Bealham 33 2 0 0 10 Connacht
54%
Iain Henderson 26 0 0 0 0 Ulster
50%
Rob Herring 25 4 0 0 20 Ulster
50%
Ed Byrne 4 0 0 0 0 Leinster
46%
Harry Byrne 3 0 0 4 8 Leinster
46%
Jacob Stockdale 9 1 0 0 5 Ulster
46%
Jimmy O'Brien 7 1 0 1 7 Leinster
46%
Ross Byrne 16 0 4 11 33 Leinster
46%
Jeremy Loughman 5 0 0 0 0 Munster
42%
Stuart McCloskey 12 1 0 0 5 Ulster
42%
Thomas Clarkson 6 0 0 0 0 Leinster
42%
Ciarán Frawley 7 1 1 0 8 Leinster
38%
Jamie Osbourne 7 2 0 0 10 Leinster
38%
Ryan Baird 26 2 0 0 10 Leinster
38%
Tom O'Toole 16 0 0 0 0 Ulster
38%
Keith Earls 13 3 0 0 15 Munster
33%
Nick Timoney 3 3 0 0 15 Ulster
29%
Calvin Nash 10 3 0 0 15 Munster
25%
Caolin Blade 3 0 0 0 0 Connacht
25%
Tom Stewart 2 0 0 0 0 Ulster
25%
Jack Boyle 2 0 0 0 0 Leinster
21%
Paul Boyle 1 0 0 0 0 Connacht
21%
Chris Farrell 1 0 0 0 0 Munster
17%
Dave Heffernan 3 1 0 0 5 Connacht
17%
Dave Kilcoyne 18 1 0 0 5 Munster
17%
Joey Carbery 9 0 7 21 63 Leinster
17%
Robert Baloucoune 4 2 0 0 10 Ulster
17%
Will Connors 9 3 0 0 15 Leinster
17%
Devin Toner 3 0 0 0 0 Leinster
13%
Jack Carty 1 0 0 0 0 Connacht
13%
John Cooney 3 0 0 1 2 Ulster
13%
Oli Jager 1 0 0 0 0 Munster
13%
Billy Burns 4 0 2 0 6 Ulster
8%
CJ Stander 10 2 0 0 10 Munster
8%
Gavin Coombes 1 1 0 0 5 Munster
8%
Gus McCarthy 3 1 0 0 5 Leinster
8%
Jordan Larmour 10 1 0 0 5 Leinster
8%
Kieran Treadwell 11 1 0 0 5 Ulster
8%
Ultan Dillane 4 0 0 0 0 Connacht
8%
Andrew Conway 10 6 0 0 30 Munster
4%
James Hume 3 0 0 0 0 Ulster
4%
Max Deegan 2 0 0 0 0 Leinster
4%
Michael Lowry 1 2 0 0 10 Ulster
4%
Will Addison 1 0 1 0 2 Ulster
4%
Cormac Izuchukwu 1 0 0 0 0 Ulster
0%
Fineen Whycherley 1 0 0 0 0 Munster
0%
No matching quizzes found
Score Distribution
Percent of People with Each Score
Percentile by Number Answered
Your Score History
You have not taken this quiz since the last reset